[Event "Challenge"]
[Site "http://www.queenalice.com/game.php?id=166592"]
[Date "2007.2.10"]
[Round "-"]
[White "kingbuster"]
[Black "fera77"]
[Result "0-1"]
[WhiteElo "1638"]
[BlackElo "1549"]

1. d4 d5 2. c4 c5 3. e3 Nc6 4. Nf3 Bg4 5. dxc5 Nf6 6. Nbd2 e6 7. cxd5 Nxd5 8.
Bb5 Rc8 9. Qa4 Bxf3 10. Nxf3 Bxc5 11. e4 Ne7 12. Bg5 O-O 13. Rd1 Qb6 14. O-O a6
15. Bxc6 Nxc6 16. a3 f6 17. Bh4 e5 18. Qc2 Nd4 19. Qd3 Rcd8 20. Qc4+ Kh8 21.
Nxd4 Bxd4 22. Qe2 Qa7 23. Kh1 Qb6 24. b4 Qc6 25. Rc1 Qa4 26. Qa2 Qb5 27. Rfd1
Qe8 28. Rc7 Qh5 29. Rdc1 Qxh4 30. Rxb7 Rc8 31. Rf1 Qxe4 32. Rd7 Qc6 0-1

[Event "Challenge"]
[Site "http://www.queenalice.com/game.php?id=166594"]
[Date "2007.2.10"]
[Round "-"]
[White "kingbuster"]
[Black "fera77"]
[Result "0-1"]
[WhiteElo "1683"]
[BlackElo "1768"]

1. e4 c5 2. Nf3 e6 3. Bc4 a6 4. d3 Nc6 5. c3 Nf6 6. O-O b5 7. Bb3 Qc7 8. Qc2 Be7
9. Bg5 Bb7 10. Nbd2 d6 11. h3 h6 12. Bh4 Rd8 13. Rfe1 O-O 14. a3 Nh7 15. Bg3 Ng5
16. Rad1 Rfe8 17. Nxg5 Bxg5 18. Nf3 Be7 19. Bh2 Bf8 20. Bg3 Ne7 21. Qd2 Ng6 22.
Nh2 Qe7 23. Nf3 Qf6 24. Kh2 Ne5 25. Bh4 Nxf3+ 26. Kh1 Nxh4 0-1

[Event "AUTO-OPEN-552"]
[Site "http://www.queenalice.com/game.php?id=166773"]
[Date "2007.2.10"]
[Round "1"]
[White "kingbuster"]
[Black "marcosnatal"]
[Result "0-1"]
[WhiteElo "1683"]
[BlackElo "2308"]

1. e4 e5 2. f4 Bc5 3. Nf3 d6 4. c3 Nf6 5. d4 exd4 6. cxd4 Bb4+ 7. Bd2 Bxd2+ 8.
Nbxd2 O-O 9. Bd3 Nc6 10. Rc1 Ng4 11. O-O Ne3 12. Qe2 Nxf1 13. Qxf1 Bg4 14. a3
Qf6 15. g3 Bxf3 16. Nxf3 Nxd4 17. Nxd4 Qxd4+ 18. Kh1 Qxb2 19. Rxc7 Rfc8 0-1

[Event "AUTO-OPEN-552"]
[Site "http://www.queenalice.com/game.php?id=166774"]
[Date "2007.2.10"]
[Round "1"]
[White "marcosnatal"]
[Black "kingbuster"]
[Result "1-0"]
[WhiteElo "2301"]
[BlackElo "1683"]

1. d4 Nf6 2. c4 e6 3. Nc3 Bb4 4. a3 Bxc3+ 5. bxc3 c5 6. e3 cxd4 7. cxd4 d5 8.
cxd5 Qa5+ 9. Bd2 Qxd5 10. Ne2 O-O 11. Nf4 Qd7 12. Bb4 Rd8 13. Bd3 b6 14. O-O Bb7
15. Rc1 Na6 16. Bxa6 Bxa6 17. Re1 Rac8 18. Qf3 Bb7 19. Qe2 a5 20. Bd2 Ne4 21. f3
Nxd2 22. Qxd2 1-0

[Event "Challenge"]
[Site "http://www.queenalice.com/game.php?id=167162"]
[Date "2007.2.11"]
[Round "-"]
[White "kingbuster"]
[Black "marcao"]
[Result "1-0"]
[WhiteElo "1577"]
[BlackElo "1532"]

1. d4 d5 2. c4 Nf6 3. Nc3 c6 4. Bg5 dxc4 5. e3 b5 6. Nf3 e6 7. Be2 c5 8. Nxb5 a6
9. Nc3 h6 10. Bh4 cxd4 11. exd4 Bb4 12. Qa4+ Nbd7 13. Qxb4 Rb8 14. Qa3 Nb6 15.
Ne5 Bb7 16. Nf3 Nbd5 17. Bxc4 Nxc3 18. Qxc3 O-O 19. O-O Rc8 20. b3 Bd5 21. Qd3
Be4 22. Qd1 a5 23. Re1 a4 24. Bxf6 Qxf6 25. Rxe4 Rfd8 26. Qe2 axb3 27. axb3 g6
28. h3 Kg7 29. Qe3 g5 30. h4 Ra8 31. Rxa8 Rxa8 32. hxg5 Ra1+ 33. Bf1 hxg5 34.
Nxg5 Ra6 35. Bxa6 Kg6 36. Nxe6 Kh5 37. Qh3+ 1-0

[Event "AUTO-INT-675"]
[Site "http://www.queenalice.com/game.php?id=299259"]
[Date "2007.11.6"]
[Round "1"]
[White "Polux"]
[Black "kingbuster"]
[Result "1-0"]
[WhiteElo "1643"]
[BlackElo "1524"]

1. e4 e5 2. Nf3 Nf6 3. c4 d6 4. d3 Bg4 5. Nc3 Nc6 6. Be2 Be7 7. h3 Bh5 8. Be3
O-O 9. a3 Re8 10. Qb3 Rb8 11. Rd1 Na5 12. Qa4 c5 13. Nb5 Bg6 14. b4 cxb4 15.
axb4 Nc6 16. Nxa7 Ra8 17. Qb5 Nxa7 18. Qxb7 Qb8 19. Qxb8 Rexb8 20. b5 Nc8 21.
O-O Nb6 22. c5 dxc5 23. Nxe5 Ra2 24. Rfe1 h6 25. Nc6 Re8 26. Nxe7+ Rxe7 27. Bxc5
Rb7 28. Bf3 Rb8 29. d4 1-0

[Event "AUTO-INT-675"]
[Site "http://www.queenalice.com/game.php?id=299260"]
[Date "2007.11.6"]
[Round "1"]
[White "kingbuster"]
[Black "Polux"]
[Result "0-1"]
[WhiteElo "1501"]
[BlackElo "1654"]

1. e4 e5 2. f4 d6 3. Nf3 Nf6 4. fxe5 Nxe4 5. d3 Nc5 6. exd6 Bxd6 7. Be2 h6 8.
O-O Be6 9. Nc3 Nba6 10. d4 Nd7 11. d5 Bg4 12. Bxa6 Bxf3 13. Qxf3 O-O 14. Bxb7
Rb8 15. Bc6 Ne5 16. Qd1 Qh4 17. Bf4 Rxb2 18. Rb1 Rxb1 19. Qxb1 Bc5+ 20. Kh1 Ng4
21. Bg3 Qh5 22. Qb7 Bd6 23. h3 Bxg3 24. Qxa7 Nh2 25. Rd1 Ng4 26. Rf1 Nf6 27. Qe3
Bh2 28. a4 Ng4 0-1

[Event "AUTO-INT-675"]
[Site "http://www.queenalice.com/game.php?id=299277"]
[Date "2007.11.6"]
[Round "1"]
[White "kingbuster"]
[Black "jbudau"]
[Result "0-1"]
[WhiteElo "1482"]
[BlackElo "1564"]

1. d4 Nf6 2. c4 e6 3. Nc3 Be7 4. Nf3 b6 5. e3 Bb7 6. Be2 O-O 7. O-O d6 8. Qc2 c5
9. b3 Nbd7 10. Bb2 d5 11. Rad1 Qc8 12. Rfe1 a6 13. cxd5 exd5 14. h3 Ne4 15. dxc5
Nxc3 16. Bxc3 bxc5 17. Bd3 Nf6 18. Bxf6 Bxf6 19. Bxh7+ Kh8 20. Bd3 c4 21. bxc4
dxc4 22. Be2 Qc7 23. Qxc4 Qe7 24. Qa4 Rfd8 25. Rxd8+ Rxd8 26. Rb1 Be4 27. Rd1
Rxd1+ 28. Bxd1 Bd3 29. Bb3 Be2 30. Qxa6 Bxa6 31. g3 Be2 0-1

[Event "AUTO-INT-675"]
[Site "http://www.queenalice.com/game.php?id=299278"]
[Date "2007.11.6"]
[Round "1"]
[White "jbudau"]
[Black "kingbuster"]
[Result "1-0"]
[WhiteElo "1577"]
[BlackElo "1459"]

1. e4 e5 2. Nf3 Nf6 3. Nxe5 d6 4. Nf3 Nxe4 5. d3 Nf6 6. Be2 Be7 7. O-O O-O 8.
Re1 Nc6 9. b3 d5 10. Bb2 Re8 11. Nbd2 Bd6 12. c3 Bg4 13. a4 Ne5 14. Nxe5 Bxe2
15. Rxe2 Bxe5 16. d4 Bd6 17. Rxe8+ Qxe8 18. Qf1 Qd8 19. Re1 Qd7 20. Nf3 Ne4 21.
Qd3 Re8 22. c4 c6 23. c5 Bc7 24. b4 a6 25. Nd2 f5 26. f3 Nxd2 27. Qxd2 Qd8 28.
Kf2 Kf7 29. Rxe8 Qxe8 30. h3 Qe7 31. g3 Qf6 32. Qd3 Qg5 33. f4 1-0

[Event "AUTO-INT-675"]
[Site "http://www.queenalice.com/game.php?id=299279"]
[Date "2007.11.6"]
[Round "1"]
[White "kingbuster"]
[Black "coffeesean"]
[Result "0-1"]
[WhiteElo "1616"]
[BlackElo "1523"]

1. e4 e5 2. f4 Nc6 3. Nf3 h6 4. Bc4 Nf6 5. O-O a6 6. d3 b5 7. Bb3 Bc5+ 8. Kh1
Ng4 9. Qe2 Nd4 10. Nxd4 d6 11. Nf3 Be6 12. Bxe6 fxe6 13. fxe5 O-O 14. h3 Nxe5
15. d4 Bxd4 16. Nxd4 Rf6 17. Rxf6 Qxf6 18. Nc3 Nc4 19. b3 Ne5 20. Nf3 Rf8 21.
Be3 b4 22. Nxe5 Qxe5 0-1

[Event "AUTO-INT-675"]
[Site "http://www.queenalice.com/game.php?id=299280"]
[Date "2007.11.6"]
[Round "1"]
[White "coffeesean"]
[Black "kingbuster"]
[Result "1-0"]
[WhiteElo "1496"]
[BlackElo "1567"]

1. e4 c5 2. Bc4 Nc6 3. Nf3 e6 4. O-O Nf6 5. d3 Be7 6. Ng5 O-O 7. Nc3 h6 8. Nf3
a6 9. a3 b5 10. Bb3 Bd6 11. Ne2 Qc7 12. e5 Nxe5 13. Bf4 Nxf3+ 14. gxf3 Bxf4 15.
c4 Bxh2+ 16. Kh1 Bb7 17. Ng3 Bxg3 18. fxg3 Qxg3 19. Qe2 Ng4 20. Qg2 Qxg2+ 21.
Kxg2 Ne3+ 22. Kf2 Nxf1 23. Rxf1 1-0